000
00341nam a22001577a 4500
003
SGT
020
_a
978-81-317-0481-3
082
_a
547
_b
MOR
100
_a
MORRISON, ROBERT T.
245
_a
ORGANIC CHEMISTRY
250
_a
7TH
260
_a
INDIA
_b
PEARSON
_c
2025
300
_a
1472
650
_a
ORGANIC CHEMISTRY
942
_2
ddc
_c
BK
999
_c
32880
_d
32880